Literature - European | 3 | 3 | 0 | 0 | 75 | 40 | 67.00 | 1 | 3 |
Literature - World and Miscellaneous | 4 | 1 | 0 | 0 | 70 | 35 | 57.60 | 0 | 1 |
Literature - American | 2 | 3 | 0 | 0 | 60 | 47 | 79.60 | 0 | 0 |
Literature - British | 2 | 3 | 0 | 0 | 60 | 54 | 81.00 | 0 | 0 |
Fine Arts - Painting | 1 | 3 | 0 | 0 | 45 | 30 | 88.75 | 0 | 0 |
Fine Arts - Music | 0 | 3 | 0 | 0 | 30 | 108 | 116.00 | 0 | 0 |
History - American | 0 | 2 | 0 | 0 | 20 | 113 | 120.00 | 0 | 0 |
Science - Physics | 0 | 2 | 0 | 0 | 20 | 109 | 111.00 | 0 | 0 |
RMP - Philosophy | 0 | 2 | 0 | 0 | 20 | 87 | 102.00 | 0 | 0 |
Science - Biology | 1 | 0 | 0 | 0 | 15 | 66 | 66.00 | 0 | 0 |
Fine Arts - Architecture | 0 | 1 | 0 | 0 | 10 | 126 | 126.00 | 0 | 0 |
Fine Arts - Jazz | 0 | 1 | 0 | 0 | 10 | 130 | 130.00 | 0 | 0 |
Fine Arts - Miscellaneous | 0 | 1 | 0 | 0 | 10 | 122 | 122.00 | 0 | 0 |
RMP - World Mythology | 0 | 1 | 0 | 0 | 10 | 98 | 98.00 | 0 | 1 |
Science - Earth | 0 | 1 | 0 | 0 | 10 | 102 | 102.00 | 0 | 0 |
Science - Engineering and Miscellaneous | 0 | 1 | 0 | 0 | 10 | 111 | 111.00 | 0 | 0 |
Science - Chemistry | 0 | 0 | 0 | 0 | 0 | | 0.00 | 0 | 0 |
Social Science - Psychology | 0 | 0 | 0 | 0 | 0 | | 0.00 | 0 | 0 |